A George Eliot miscellany : a supplement to her novels /

Bibliographic Details
Main Author: Eliot, George, 1819-1880
Other Authors: Pinion, F. B.
Format: Book
Language:English
Published: Totowa, N.J. : Barnes & Noble, 1982.

MARC

Tag First Indicator Second Indicator Subfields
LEADER 00000pam a2200000 a 4500
001 in00000089134
005 20151008065316.0
008 810519s1982 nju b 00110 eng
010 |a  81007974  
020 |a 0389202258 
035 |a (OCoLC)07555504 
035 |9 AAK5727AM 
039 0 |a 2  |b 3  |c 3  |d 3  |e 3 
040 |a DLC  |c DLC  |d TXA  |d UtOrBLW 
049 |a TXAM  |c [1561311] 
050 0 0 |a PR4653  |b .P5 1982 
082 0 |a 823/.8  |2 19 
100 1 |a Eliot, George,  |d 1819-1880. 
245 1 2 |a A George Eliot miscellany :  |b a supplement to her novels /  |c edited with commentary and notes by F.B. Pinion. 
264 1 |a Totowa, N.J. :  |b Barnes & Noble,  |c 1982. 
300 |a xi, 183 pages ;  |c 23 cm. 
336 |a text  |b txt  |2 rdacontent 
337 |a unmediated  |b n  |2 rdamedia 
338 |a volume  |b nc  |2 rdacarrier 
504 |a Includes bibliographical references and index. 
700 1 |a Pinion, F. B. 
999 |a MARS 
999 f f |s 2e0ba9f2-72df-3143-89fa-49a7c0e2e82f  |i 0b07aa51-e1c3-35d4-852f-38fef291f179  |t 0 
952 f f |p ric  |a Texas A&M University  |b Rellis Campus  |c Joint Library Facility  |d Remote Storage  |t 0  |e PR4653 .P5 1982  |h Library of Congress classification  |i unmediated -- volume  |m A14806185198 
998 f f |a PR4653 .P5 1982  |t 0  |l Remote Storage